000 00280nam a2200121 i 4500
001 bg
245 0 _aTeoria ekonomii i praktyka życia gospodarczego.
260 _aWarszawa,
_c1975.
040 _cBPK
041 _apol
942 _cKS
008 s pl f |000 0 pol
999 _c16134
_d16134
856 _uhttp://koha.tu.koszalin.pl/cgi-bin/koha/opac-detail.pl?biblionumber=16134
_yKatalog online BPK